[Event "SaitekSparc_Risc2500akt"]
[Site "Zürich"]
[Date "2019.01.01"]
[Round "1"]
[White "Saitek Sparc"]
[Black "Saitek Risc 2500 aktiv"]
[Result "1/2-1/2"]
[WhiteElo "2254"]
[BlackElo "2247"]
[Annotator "KUT"]
[PlyCount "116"]
[EventDate "2019.01.01"]

1. e4 c5 {Match 120'/40 | Bediener: Rolf Bühler | 1. Partie | ECO: B39,
Sizilianisch (Maroczy-Aufbau) | Remis | Mit viel Glück entgeht der Risc 2500
aktiv einer Niederlage. Denn das Programm von Johan de Koning wird im
Mittelspiel überrannt. Das weisse Läuferpaar, ein starker Freibauer auf der
b-Linie und die Beherrschung der c-Linie mit der Dame räumten dem Saitek
Sparc eine klare Gewinnstellung ein. Doch dann begibt sich die weisse Dame auf
Abwege am Königsflügel und muss nach Aktivierung der schwarzen Dame bald
einmal zu Kenntnis nehmen, dass er dem Gegner unvermeidliche
Dauerschachmöglichkeiten eingeräumt hat.} 2. Nf3 Nc6 3. d4 cxd4 4. Nxd4 g6 5.
c4 Bg7 6. Be3 Nf6 7. Nc3 Ng4 8. Qxg4 Nxd4 9. Qd1 Ne6 10. Rc1 {In einer
berühmten Partie hat der dänische GM Bent Larsen den eisernen ex-WM Tigran
Petrosian (RUS) mit 10.Dd2 geschlagen.} (10. Qd2 d6 11. Be2 Bd7 12. O-O O-O 13.
Rad1 Bc6 14. Nd5 Re8 15. f4 Nc7 16. f5 Na6 17. Bg4 Nc5 18. fxg6 hxg6 19. Qf2
Rf8 20. e5 Bxe5 21. Qh4 Bxd5 22. Rxd5 Ne6 23. Rf3 Bf6 24. Qh6 Bg7 25. Qxg6 Nf4
26. Rxf4 fxg6 27. Be6+ Rf7 28. Rxf7 Kh8 29. Rg5 b5 30. Rg3 {1-0 (30) Larsen,
B-Petrosian,T Santa Monica 1966}) 10... b6 (10... Qa5 {ist die üblichste
Fortsetzung}) 11. Bd3 Bb7 12. O-O O-O 13. b4 Nd4 14. Bb1 Nc6 15. a3 d6 {
***ENDE BUCH***} 16. Qd3 {***ENDE BUCH***} a5 {Knabbert wohl die weisse
Bauernkette an, schwächt jedoch auch den Bauer b6, was sich Weiss sofort
zunutze macht.} (16... Ne5 17. Qe2 Rc8 (17... Qd7 18. h3 Rac8 19. Ba2 f5 20. f4
Nf7 21. exf5 gxf5 22. Rfd1 Rfe8 23. c5 bxc5 24. bxc5 e6 25. Nb5 Bd5 26. Nxd6
Nxd6 27. cxd6 Rxc1 28. Rxc1 Qxd6 29. Qd3 Rd8 30. Bxd5 exd5 31. Qxf5 d4 32. Bd2
d3 33. Rc8 Bd4+ 34. Kh1 Rxc8 35. Qxc8+ Kg7 36. Qb7+ Kh8 37. Qe4 Bf6 38. Qa8+
Qd8 39. Qxa7 Qd5 40. a4 Qb3 41. Kh2 Bc3 42. Bxc3+ Qxc3 43. a5 d2 44. Qe7 Kg8
45. Qd8+ Kg7 46. a6 Qe3 47. Qg5+ Kf7 48. Qf5+ Ke8 49. Qh5+ Kd8 50. Qg5+ Kc7 51.
Qa5+ Kd6 52. Qb4+ Kc7 53. Qa4 Kb8 54. Qb5+ Kc7 55. Qb7+ Kd6 56. Qb8+ Kd7 57. a7
d1=Q 58. Qb5+ Ke7 59. Qg5+ Kf7 60. Qf5+ Kg7 61. Qg5+ Kf7 62. Qf5+ Kg7 63. Qg5+
Kf7 {½-½ (63) Saitek Sparc (2254)-Saitek Risc 2500 offensiv (2247) Zürich
2018}) 18. Ba2 Qd7 19. f3 f5 (19... Ba6 20. b5 Bb7 21. Rfd1 Rfe8 22. Bb3 Qe6
23. Qa2 Nxc4 24. Ne2 d5 25. Nf4 Qe5 26. Nxd5 Nxe3 27. Nxe3 Rxc1 28. Rxc1 e6 29.
a4 Rd8 30. Qe2 Qf4 31. g3 Qe5 32. Kg2 Qh5 33. Rc2 Rd7 34. Rd2 Rxd2 35. Qxd2 Qg5
36. Qd3 Qe7 37. Nc4 Qb4 38. Nd6 Bd5 39. exd5 Qxd6 40. Qe4 e5 41. Bc2 Qc7 42.
Bd3 Bf8 43. Bc4 Kg7 44. Kg1 Bc5+ 45. Kg2 f6 46. h3 f5 47. Qc2 Qd6 48. Kh2 h5
49. Kg2 Bd4 50. Bb3 Qb4 51. Qc7+ Kh6 52. Qc1+ f4 53. Qd1 fxg3 54. Kxg3 Kg7 55.
Kg2 Qe7 56. Qd2 Qf6 57. Bc2 Bc5 58. Be4 Qe7 59. Kg3 Qd8 60. Kg2 Qf6 61. Qe1 Qe7
62. Qg3 Qd6 63. Qe1 Qf6 64. Qd2 Qd8 65. Kg3 Qd6 66. a5 Bb4 67. Qe3 Bxa5 68. Qc1
Qe7 69. Kh2 Bb4 70. Qb2 Bd6 71. Qa1 Bc5 72. Qa2 Be3 73. Qg2 Bf4+ 74. Kh1 g5 75.
Bd3 Qd7 76. Bc4 Kf6 77. Kg1 Qf5 78. Bf1 Be3+ 79. Kh1 Qd7 80. Bc4 Kf7 81. Kh2
Bf4+ 82. Kg1 Kf6 83. Kh1 Qf5 84. Bf1 Be3 85. Qe2 Qf4 86. Bg2 Bc5 87. Qd3 Qh4
88. Qd1 Qf2 89. Kh2 h4 90. Kh1 Ke7 91. Qb1 Be3 92. Qb4+ Kd7 93. Qb1 Kd6 94.
Qb4+ Bc5 95. Qb1 Qd4 96. Qg6+ Kxd5 97. f4+ Kc4 98. Qc2+ Kxb5 99. Qb1+ Bb4 100.
fxg5 Qc3 101. g6 e4 102. Bf1+ Kc5 103. Qxe4 Kd6 104. g7 Qxg7 105. Qxb4+ Kd5
106. Qxh4 a5 107. Qc4+ Kd6 108. h4 Qf6 109. Qd3+ Ke6 110. Qe4+ Kd6 111. Bb5
Qa1+ 112. Kg2 Qb2+ 113. Be2 b5 114. Qd3+ Ke7 115. Qxb5 Qxb5 116. Bxb5 Kf7 117.
Ba4 Kg8 118. Kg3 Kh7 119. Kg4 Kg6 120. h5+ Kh7 121. Kg5 Kg8 122. Kg6 Kh8 123.
h6 Kg8 124. Kf5 Kh7 125. Kg5 Kg8 126. Kg6 Kh8 127. Kh5 Kh7 128. Bc2+ Kg8 129.
Be4 Kh8 130. Bf5 Kg8 131. Kg6 Kh8 132. Be6 a4 133. Ba2 a3 134. Kf5 Kh7 135. Kg5
Kh8 136. Bd5 a2 137. Bxa2 Kh7 138. Bb1+ Kg8 139. Kf6 Kh8 140. Ba2 Kh7 141. Kg5
Kh8 142. Bd5 Kh7 143. Bf7 Kh8 144. Bg6 Kg8 145. Bf5 Kh8 146. Be6 Kh7 147. Bd7
Kg8 148. Kh5 {½-½ (148) Saitek Sparc (2254)-Saitek Risc 2500 solid (2247)
Zürich 2018}) 20. c5+ Nf7 21. Bc4 bxc5 22. Qa2 Bxc3 23. Be6 Qb5 24. Bxc8 Qd3
25. Bxb7 Qxe3+ 26. Kh1 cxb4 27. axb4 Bxb4 28. Rc7 Qb6 29. Rxe7 d5 30. Rb1 Bxe7
31. Rxb6 axb6 32. exf5 gxf5 33. Bxd5 Bc5 34. Be6 f4 35. h4 Kg7 36. Qb2+ Kg6 37.
Ba2 Nd6 38. Bb1+ Kf7 39. Qe5 Rd8 40. Qxf4+ Ke7 41. Qg5+ Kd7 42. Bxh7 Re8 43.
Bd3 Kc6 44. g4 b5 45. Qc1 b4 46. h5 Re3 47. Qc2 Kd5 48. h6 Bd4 49. h7 Re1+ 50.
Kg2 Rg1+ 51. Kh2 Ra1 52. Be4+ Ke6 53. Bc6 Bc3 54. Qe2+ Kf7 55. Bd5+ Kg6 56. Qe7
Bg7 57. Qxd6+ Kxh7 {1-0 (57) Saitek Sparc (2254)-Saitek Risc 2500 normal (2247)
Zürich 2018 / 1. Partie / Der Saitek Sparc bekommt am Damenflügel die
Initiative. Dem Ansturm der weissen Kräfte über die offene c-Linie und dem
eingedrungenen Turm auf der 7. Reihe hat der Risc 2500 normal nichts
entgegenzusetzen. So geht Material und die Partie verloren.}) 17. Nd5 Ne5 18.
Qb3 Nd7 {Verständlich, dass Schwarz seinen Läufer nicht mit ...Lxd5 gegen
einen Springer tauschen will.} 19. Rfd1 axb4 20. axb4 Bc6 21. Bc2 e6 {Der
weisse Riesenspringer wird selbst unter Schwächung des d6-Bauern vertrieben.}
22. Nc3 Qc7 23. Nb5 {Ein interessanter Entscheid, der wegen des Doppelangriffs
auf die Dc7 und den d6-Bauer zwar das Läuferpaar sichert, gleichzeitig
handelt sich Weiss aber einen Doppelbauer ein und überlässt dem Gegner eine
mobile Bauernmehrheit. Das alles stimmt zwar und wäre für Schwarz günstig,
doch hat der Saitek Sparc den Gewinn des schwarzen d6-Bauer im Auge.} Bxb5 24.
cxb5 Rfc8 (24... Rac8 25. Bb1 Qb8 26. Rc6 $1 $16) 25. Bb1 Qb7 26. Rxc8+ Rxc8
27. Rxd6 Ne5 $11 {Die Stellung befindet sich im Gleichgewicht. Der weisse
Mehrbauer, ein Doppelbauer, zählt nicht.} 28. Qd1 (28. Rxb6 $4 {funktioniert
nicht wegen} Qxb6 {und die schwarze Dame darf nicht geschlagen werden} 29. Bxb6
Rc1+ 30. Qd1 Rxd1#) 28... Qc7 $6 (28... Qe7 $11) 29. h3 {Mit 29.f4 hätte
Weiss sich deutlichen Vorteil verschaffen können.} (29. f4 Nc4 30. Rc6 Qb8 31.
Rxc8+ Qxc8 32. Qc1 Bb2 33. Qc2 Ba3 34. Ba2 Nd6 35. Qc6 $16) 29... Nc4 $2 {
Nur ...Lf8 hält das Gleichgewicht.} (29... Bf8 30. Rxb6 Bh6 31. Bc5 Bf8 32.
Be3 Bh6 33. Bc5 Bf8 34. Be3 Bh6 {3-fache Stellungswiederholung}) 30. Rc6 Qb7
31. Rxc8+ Qxc8 32. Qc2 Bf6 33. Ba2 Nd6 34. Qc6 Qb8 {Schwarz ist als Folge
seiner Ungenauigkeit im 20...Zug in eine miserable Lage geraten.} 35. g3 Bg7
36. Kg2 {Verstärkt ruhig seine Stellung; Schwarz kann gar nichts tun.} Bf6 37.
Kh2 {Ein verlorenes Manöver, wenn man mit 37.Lxb6 rasch hätte gewinnen
können. Allerdings ist das nicht so schlimm, weil Schwarz noch immer keine
genügende Verteidigung hat.} (37. Bxb6 Nxb5 (37... Nxe4 38. Bc7 Qa7 39. b6
Qxa2 40. Qxe4 $18) 38. Bxe6 Nd4 39. Qc8+ Qxc8 40. Bxc8 Kf8 41. f4 Nb5 42. e5
Be7 43. Bd7 Nc3 44. b5 Na4 45. Bd4 Bd8 46. Kf3 Ke7 47. Bc6 Bb6 48. Ke4 $18 {
weisse Gewinnstellung}) 37... Be7 38. Bxb6 Nxe4 39. Be3 ({Einfacher} 39. Bc7
$18) 39... Nd6 40. b6 Qd8 41. Bf4 g5 42. Be5 Kf8 43. b7 Qb8 {Noch immer steht
Weiss auf Gewinn.} 44. Qc2 $2 {Dem Saitek Sparc standen mit 44.b5 oder 44.Dc5
zwei klare Gewinnwege zur Verfügung. Der Textzug basiert auf einer Fata
Morgana.} Ke8 $2 {Das sollte wieder verlieren.} ({Nach} 44... Qxb7 45. Qxh7 Ke8
46. Bc3 {steht Weiss nur noch besser}) 45. Qxh7 $6 ({Nach} 45. Qc6+ Kf8 46. b5
$18 {war wieder alles klar zugunsten von Weiss}) 45... Qxb7 46. Bxe6 $2 {
Gibt endgültig jeden Vorteil aus der Hand.} Qf3 {Der rettende Zug. Schwarz
droht nun sowohl ...fxe6 als auch ...Dxf2+} ({Natürlich nicht} 46... fxe6 $4 {
wegen} 47. Bxd6 {und gewinnt nach Tausch aller Figuren auf e7 das
Bauernendspiel}) 47. Qh8+ Bf8 48. Bd5 ({Nach} 48. Bxd6 Qxf2+ {hat Schwarz ein
Dauerschach auf f2 und f1.}) 48... Qxd5 49. Bg7 Qd2 50. Qxf8+ Kd7 51. Qa8 (51.
Kg2 Qd5+ 52. Kh2 Qd2 $11) 51... Qxf2+ 52. Qg2 Qe3 53. Bf6 Ne4 54. Bb2 f5 55.
Be5 Ke6 56. Bc7 Qc3 57. Bb6 Qxb4 58. Qa2+ Kf6 {Remis abgebrochen} 1/2-1/2

[Event "SaitekSparc_Risc2500akt"]
[Site "Zürich"]
[Date "2019.01.02"]
[Round "2"]
[White "Saitek Risc 2500 aktiv"]
[Black "Saitek Sparc"]
[Result "1-0"]
[WhiteElo "2247"]
[BlackElo "2254"]
[Annotator "KUT"]
[PlyCount "80"]
[EventDate "2019.01.01"]

1. d4 Nf6 {Match 120'/40 | Bediener: Rolf Bühler | 2. Partie | ECO: E38,
Nimzoindisch (4.Dc2) | Weiss gewinnt | Zwischenstand: 1½:½ (+1 -0 =1) für
den Saitek Risc 2500 aktiv | Nach dem Verlassen der Eröffnungsbücher steht
Weiss besser. Und statt im 12. Zug sofort zu rochieren, entwickelt der Saitek
Sparc seinen Läufer nach d7 und lässt zu, dass ihm der Risc 2500 aktiv mit
13.Ld6 die Rochade verteufelt. Das war bereits der Anfang vom Ende und Schwarz
geht ohne den Hauch einer echten Gegenchance unter.} 2. c4 e6 3. Nc3 Bb4 4. Qc2
c5 5. dxc5 Na6 (5... O-O $1) 6. a3 Bxc3+ 7. Qxc3 Nxc5 8. b4 Nce4 9. Qd4 d5 10.
c5 h6 (10... b6 $1 11. f3 bxc5 12. bxc5 Qa5+ 13. Qb4 Qc7 14. fxe4 Rb8 15. Qa4+
Bd7 16. c6 Qe5 17. cxd7+ Ke7 18. Ra2 $6 (18. Qxa7 $11) 18... Qc3+ 19. Kd1 Ng4
20. Qxa7 Rb1 21. d8=Q+ Kxd8 22. Qa8+ Ke7 23. Qa7+ Kf6 24. e5+ Kg6 25. Rc2 Ne3+
26. Qxe3 Qxe3 27. Nf3 Ra8 28. h4 Rxa3 29. h5+ Kh6 30. g4 Rxc1+ 31. Rxc1 Rd3+ {
0-1 (31) Li,C (2656)-Wang,Y (2714) Shenzhen 2011}) 11. f3 Ng5 {***ENDE BUCH***}
12. Bf4 {***ENDE BUCH***} (12. h4 $5 Ngh7 13. g4 O-O 14. g5 Nh5 15. gxh6 Re8
16. f4 Qf6 17. Qxf6 gxf6 18. Nf3 Nf8 19. e3 Kh7 20. Bb2 Ng6 21. Kf2 Kxh6 22.
Bd3 Bd7 23. Rag1 Rg8 24. Rh2 a6 25. Rhg2 Raf8 26. Be2 Bc8 27. a4 Bd7 28. Bd1
Bc8 29. Ba1 Bd7 30. Bb2 Bc8 31. Ng5 d4 32. Bxh5 dxe3+ 33. Kxe3 e5 34. Bxg6
exf4+ 35. Kxf4 fxg5+ 36. hxg5+ Kxg6 37. Rh2 {1-0 (37) Bogner,S (2552)-Maze,S 
(2550) Germany 2014}) 12... Bd7 $2 {Einmal mehr erweist sich der erste
selbständige Zug nach Verlassen der Eröffnungsbibliothek als verantwortlich
für den Partieverlust. Dass sich der weisse Läufer auf d6 einnisten und dem
Gegner die Rochade vermiesen will, war doch ganz offensichtlich. Dass der
Saitek Sparc diesen Umstand nicht berücksichtigt, ist irgendwie nicht
verständlich. Dabei hätte Schwarz nach 12...0-0 gut mitspielen können.} (
12... O-O 13. e3 Re8 14. h4 Ngh7 15. Bd3 Nd7 16. Bd6 Nhf6 17. f4 Ng4 18. Nf3 f5
19. Ke2 Ndf6 20. Ne5 Nxe5 21. Bxe5 Bd7 22. Rag1 h5 23. Rh3 Kf7 24. Bxf6 Qxf6
25. Qxf6+ Kxf6 26. Kd2 e5 27. fxe5+ Rxe5 28. Rf3 g6 29. g4 hxg4 30. Rxg4 a6 31.
Rgf4 Bb5 32. Bc2 a5 33. h5 axb4 34. axb4 Ra2 35. Kc3 Be2 36. Rg3 Bxh5 37. Bb3
Re2 38. Kd3 Re1 39. Rh4 Rb1 40. Kc2 Rf1 41. b5 Bd1+ 42. Kc3 Bxb3 43. Rh6 Bc4
44. Rhxg6+ Kf7 45. Rg7+ Kf8 46. Rg8+ Kf7 47. R8g7+ Kf8 {1/2-1/2 (47) Hort,V 
(2448)-Weber,P (2193) Germany 2012}) 13. Bd6 Bb5 14. e3 Bxf1 {Um einen noch
auf seinem ursprünglichen Feld stehenden Läufer zu tauschen, hat Schwarz
drei Züge vergeudet, was nicht gut sein kann.} 15. Kxf1 Rc8 16. Ne2 Qd7 17.
Kf2 {Weiss ist voll entwickelt, seine Figuren stehen gut, die Türme sind
bereit, in den Kampf einzugreifen, der Ld6 verhindert dem Gegner die Rochade.
Mit diesen Vorteilen ausgestattet, kann im höheren Sinn bereits von einer
Stellung gesprochen werden, die Schwarz nicht mehr wird halten können.} (17.
Qd3 {Abweichung} Ng8 18. h4 Nh7 19. e4 dxe4 20. fxe4 Ne7 21. Rd1 O-O 22. Kg1 (
22. Kf2 Rfd8 23. Nc3 Nf6 24. Qe2 b6 25. g4 Qb7 26. g5 Ne8 27. Qe3 h5 28. Bg3
bxc5 29. bxc5 Qb3 30. a4 Rxd1 31. Rxd1 Qb4 32. Rd7 Ng6 33. Rxa7 Rxc5 34. Ne2
Ne5 35. Qd4 Rc4 36. Qd8 Ng4+ 37. Kg2 Qb1 38. Qxe8+ Kh7 39. g6+ fxg6 40. Qf7
Ne3+ 41. Kf2 Ng4+ 42. Kg2 Ne3+ 43. Kf2 Ng4+ 44. Kg2 {½-½ (44) Saitek Risc
2500 offensiv (2247)-Saitek Sparc (2254) Zürich 2018}) 22... Rfd8 23. Nc3 Ng6
(23... a5 24. Qg3 Qe8 25. b5 Nf6 26. h5 Rd7 27. Rh4 Rdd8 28. a4 Rd7 29. Qf4
Rcd8 30. Rh3 Kh8 31. Rf1 Kg8 32. Re1 Kh8 33. Rd1 Kg8 34. Qg3 Kh8 35. Rh4 Nh7
36. Rc1 f6 37. Rd1 Ng5 38. b6 Nc6 39. Qe3 Qg8 40. Qf2 e5 41. Nd5 Nd4 42. Qe3
Qh7 43. Qd3 Re8 44. Rf1 Nc6 45. Re1 Red8 46. Rd1 Qg8 47. Qe3 Nd4 48. Rf1 Qe6
49. Rd1 f5 50. Nc3 Qb3 51. Kh1 fxe4 52. Rf1 Rf7 53. Rb1 Qc4 54. Rg4 Nc2 55. Qd2
Nb4 56. Kh2 Nd3 57. Qc2 Nxc5 58. Bxc5 Qxc5 59. Rb5 Qc8 60. Rg3 Rfd7 61. Qc1 Rd2
62. Kg1 Qc4 63. Qe1 Nf3+ 64. gxf3 Qxc3 65. Rb1 exf3 66. Qf1 R8d3 67. Kh1 {
0-1 (67) Saitek Risc 2500 solid (2247)-Saitek Sparc (2254) Zürich 2018 [Bühler,
Rolf]}) 24. Qg3 Qc6 25. h5 Ngf8 26. a4 Ng5 27. b5 Qe8 28. e5 Nd7 29. Qe3 f6 30.
exf6 Nxf6 31. Qe2 Nf7 32. Rh3 Rd7 33. a5 Nxd6 34. cxd6 Rc5 35. Qe3 b6 36. axb6
axb6 37. Rh4 e5 38. Qd3 Kh8 39. Ra4 Rc8 40. Rc4 Rxc4 41. Qxc4 Qxh5 42. Qc8+ Kh7
43. Qc6 Ng4 44. Qf3 Qh2+ 45. Kf1 Qh1+ 46. Ke2 Qh5 47. Ke1 Qg5 48. Na4 Rf7 49.
Qg3 Rf4 50. Nc3 Qf5 51. Qd3 e4 52. Qe2 Qc5 53. Nxe4 Qg1+ 54. Kd2 Qd4+ 55. Kc1
Qa1+ 56. Kd2 Qa5+ 57. Kc1 Qa3+ 58. Qb2 Qe3+ 59. Qd2 Qxe4 60. d7 Rf8 61. d8=Q
Rxd8 62. Qxd8 Qc4+ 63. Kb1 Qxb5+ 64. Kc1 Qc6+ 65. Kb1 Nf2 66. Rg1 Qb5+ 67. Kc2
Qc4+ 68. Kd2 Qa2+ 69. Ke1 Qc2 70. Qd2 Nd3+ 71. Ke2 Nf4+ 72. Ke1 Qb1+ 73. Qd1
Qe4+ 74. Kf1 Qf5 75. Ke1 b5 76. g3 Qc5 77. Kf1 Qc4+ 78. Ke1 Nd3+ 79. Kd2 Nc5
80. Qc2+ Ne4+ 81. Kc1 Qd4 82. Rg2 Qa1+ 83. Qb1 Qa3+ 84. Kd1 Qe3 85. Kc2 Qf3 86.
Qh1 Nxg3 87. Qh3 Qe4+ 88. Kb3 Ne2 89. Qg4 Qb1+ 90. Ka3 Qa1+ 91. Kb3 Nd4+ 92.
Kb4 Qe1+ 93. Kc5 Qe5+ 94. Kb4 Qd6+ 95. Kc3 g6 96. Qxd4 Qc6+ 97. Kb4 Qxg2 98.
Qd7+ Kg8 99. Qe8+ Kg7 100. Qe7+ Kh8 101. Qf8+ Kh7 102. Qf7+ Kh8 103. Qe8+ Kh7
104. Qd7+ Kh8 105. Qe8+ Kh7 106. Qd7+ {½-½ (106) Saitek Risc 2500 normal 
(2247)-Saitek Sparc (2254) Zürich 2018}) 17... h5 (17... Nge4+ {mag etwas
besser sein} 18. fxe4 Nxe4+ 19. Ke1 f6 20. Rd1 b6 21. Rf1 Nxd6 22. cxd6 O-O 23.
Qf4 $16 {aber genügt schliesslich auch nicht}) 18. Rhd1 h4 19. a4 Qd8 20. Qb2
b6 21. a5 {Setzt dem Gegner das Messer auf die Brust mit der Idee, noch die
a-Linie für den Turm zu öffnen.} bxc5 {Etwas besser hätte Schwarz die
Stellung mit ...b5 blockiert.} 22. bxc5 h3 {Ein hilfloser Versuch, die h-Linie
zu öffnen. Natürlich steigt Weiss nicht darauf ein.} 23. g4 Qd7 24. Rac1 Rh6
{Gute Züge sind für Schwarz keine zu sehen.} 25. Nd4 Nfe4+ {berechtigte
Verzweiflung} 26. fxe4 Nxe4+ 27. Ke2 Rg6 {Vielleicht hat der Saitek Sparc erst
jetzt bemerkt, dass das Schlagen ...Sxd6 besonders rasch seinen Untergang
einleiten würde.} 28. Rg1 Rf6 29. Bg3 {Nicht einmal ein Schach auf f2 mag
Weiss dem Gegner gönnen.} Nxc5 30. Nb5 {Auch andere Züge wie 30.g5 gewinnen
einfach.} Ne4 31. Bf4 (31. Rxc8+ Qxc8 32. Rc1 Qa6 33. Qb4 e5 34. Ke1 $18 {
gewinnt überzeugender}) 31... Rxf4 {Wie schlecht es um Schwarz bestellt ist,
zeigt dieses Qualitätsopfer.} 32. Rxc8+ {Jetzt macht Weiss kurzen Prozess.}
Qxc8 33. exf4 Qb8 34. Ke3 a6 35. Rb1 {Die Hergabe des b5-Springers kann sich
Weiss gut leisten.} axb5 36. Qxb5+ {Erzwingt den Damentausch, wonach der Rest
für Weiss einem Kinderspiel gleichkommt.} Qxb5 37. Rxb5 Nd6 38. Rb8+ Kd7 39.
a6 Nc8 40. Rb7+ Ke8 {Für Schwarz aufgegeben} 1-0